000 00306 a2200097 4500
245 0 0 _aMierniki poziomu dźwięku - Ogólne wymagania i badania PN-79/T-06460 /
_cCIOchrony Pracy.
246 1 3 _aPN-79/T-06460
246 1 3 _a534.612
260 _aWarszawa :
_bCIOchrony Pracy,
_c1979.
300 _a11 stron ;
_c30 cm.
650 _aPolska norma
999 _c20660
_d20660